| 000 | 01403cam a2200373 a 4500 | ||
|---|---|---|---|
| 001 | 1961 | ||
| 003 | FISKH | ||
| 005 | 20231023133306.0 | ||
| 008 | 980217s1998 nyua j 000 0 eng | ||
| 010 | _a 98003226 | ||
| 020 | _z0789432461 | ||
| 020 | _a9781465420602 | ||
| 040 |
_aDLC _cDLC _dDLC _beng |
||
| 042 | _alcac | ||
| 050 | 0 | 0 |
_aCC171 _b.M55 1998 |
| 082 | 0 | 0 |
_a936 _221 |
| 100 | 1 | _aMillard, Anne. | |
| 245 | 1 | 2 |
_aA street through time / _cIllustration : Steve Noon. |
| 250 | _aFirst published in the United States in 2012 | ||
| 260 |
_aNew York : _bDK publishers, _c2013. |
||
| 300 |
_a45 pages : _bcolor illustrations ; _c30 cm |
||
| 505 | _aQ | ||
| 520 | _a'A Street Through Time' uncovers the layers of history beneath the reader's feet and takes him or her on a 12,000 year visual journey back to the Stone Age. As the images unfold the reader is taken through 14 different periods of history. | ||
| 521 | 8 |
_a680
_bLexile |
|
| 521 | 8 |
_aQ
_bRaz-Plus |
|
| 650 | 0 |
_aArchaeology, Urban _zEurope _xJuvenile literature. |
|
| 650 | 0 |
_aCities and towns _zEurope _xHistory _xJuvenile literature. |
|
| 650 | 0 |
_aCity and town life _zEurope _xHistory _xJuvenile literature. |
|
| 650 | 1 |
_aCities and towns _xHistory. |
|
| 650 | 1 |
_aCity and town life _xHistory. |
|
| 700 | 1 |
_aNoon, Steve, _eillustrator |
|
| 906 |
_a7 _bcbc _corignew _d1 _eocip _f19 _gy-gencatlg |
||
| 942 |
_2ddc _cBK _n0 |
||
| 999 |
_c1961 _d1961 |
||